Čto i kak čitat' vašemu rebenku ot goda do desjati enciklopedija dlja roditelej po rukovodstvu detskim čtenijem

Bibliographic Details
Main Author: Timofejeva, I.N (Author)
Format: Book
Language:Russian
PhysicalDescription:511 s. fotogr. 22 cm
Published: Sankt-Peterburg Rossijskaja nacional'naja biblioteka 2000
ISBN:5819200985
Subjects:

MARC

LEADER 00000nam a2200000 a 4500
001 vtls001436763
003 SK-MaSNL
005 20260301043842.0
008 240314s2000 RU af rd d 0 rus
020 |a 5819200985  |c [180,00] 
035 |a SNK000391868 
040 |a SNK  |b slo  |c SNK  |e AACR2 
044 |a RU 
072 7 |a 821-93  |x Literatúra pre deti a mládež  |2 konspekt 
072 7 |a 028  |x Čítanie  |2 konspekt 
080 |a 82-93  |2 1981 
080 |a 821.162.3  |2 1981 
080 |a 372.41  |2 1981 
080 |a (082.21)  |2 1981 
080 |a 376  |2 1981 
080 |a 372.3  |2 1981 
080 |a 159.955  |2 1981 
100 1 |a Timofejeva, I.N.  |4 aut  |9 349341 
245 1 0 |a Čto i kak čitat' vašemu rebenku ot goda do desjati  |b enciklopedija dlja roditelej po rukovodstvu detskim čtenijem  |c I.N. Timofejeva 
260 |a Sankt-Peterburg  |b Rossijskaja nacional'naja biblioteka  |c 2000 
300 |a 511 s.  |b fotogr.  |c 22 cm 
650 0 7 |a literatúra pre deti  |2 SNK  |9 55721 
650 0 7 |a čítanie  |2 SNK  |9 1654 
650 0 7 |a výchova a vzdelávanie  |2 SNK  |9 1684 
655 7 |a publikácie pre deti  |2 SNK  |9 70148 
919 |a 5-8192-0098-5 
999 |c 594613  |d 596543 
952 |t P60, <04>, [BOOK], {604}  |a SNK  |b SNK  |y VYP  |7 0  |p 17A0359538  |o snkIC 130341  |i snkV 1368/2002  |0 0  |1 0  |4 0  |d 2002-11-29  |l 0  |r 2005-01-02 00:00:00  |w 2026-02-23